La Compañía Mexicana de Petróleo ´El Aguila´, S. A. (Record no. 4346)
[ view plain ]
| 000 -CABECERA | |
|---|---|
| campo de control de longitud fija | 01221nam a2200289 a 4500 |
| 001 - NÚMERO DE CONTROL | |
| campo de control | BRCA_4643 |
| 005 - FECHA Y HORA DE LA ÚLTIMA TRANSACCIÓN | |
| campo de control | 20190320204740.0 |
| 008 - DATOS DE LONGITUD FIJA--INFORMACIÓN GENERAL | |
| campo de control de longitud fija | 290910s1935----mx-#######---#000-0#spa-# |
| 041 ## - CÓDIGO DE LENGUA | |
| Código de lengua del texto/banda sonora o título independiente | spa |
| 044 ## - CÓDIGO DEL PAÍS DE LA ENTIDAD EDITORA/PRODUCTORA | |
| Código MARC del país | mx |
| 050 #4 - SIGNATURA TOPOGRÁFICA DE LA BIBLIOTECA DEL CONGRESO | |
| Número de clasificación | KGF2714 |
| Número de documento/Ítem | .C66 1 1935 |
| 245 10 - MENCIÓN DE TÍTULO | |
| Título | La Compañía Mexicana de Petróleo ´El Aguila´, S. A. |
| Resto del título | frente a los ataques de que está siendo objeto por la explotación que hizo del lote 113 de Amatlán. |
| 260 ## - PUBLICACIÓN, DISTRIBUCIÓN, ETC. | |
| Lugar de publicación, distribución, etc. | México |
| Nombre del editor, distribuidor, etc. | Compañía Mexicana de Petróleo el Águila |
| Fecha de publicación, distribución, etc. | 1935 |
| 300 ## - DESCRIPCIÓN FÍSICA | |
| Extensión | 296 p. |
| Otras características físicas | il. |
| Dimensiones | 23 cm. |
| 500 ## - NOTA GENERAL | |
| Nota general | Historia del litigio desde los primeros dispositivos de atraco en contra de El Aguila hasta el amparo directo que interpuso esta sociedad contra la sentencia pronunciada por la tercera sala del tribunal superior de Justicia del Distrito Federal |
| 500 ## - NOTA GENERAL | |
| Nota general | 7 anexos |
| 500 ## - NOTA GENERAL | |
| Nota general | Estado físico: Cubierta deteriorada |
| 500 ## - NOTA GENERAL | |
| Nota general | Ejemplar igual a H58 |
| 500 ## - NOTA GENERAL | |
| Nota general | CFG12 |
| 610 24 - PUNTO DE ACCESO ADICIONAL DE MATERIA--NOMBRE DE ENTIDAD CORPORATIVA | |
| Nombre de entidad corporativa o nombre de jurisdicción como elemento de entrada | Compañía Mexicana de Petróleo ´El Aguila´, S. A. |
| 9 (RLIN) | 11750 |
| 650 14 - PUNTO DE ACCESO ADICIONAL DE MATERIA--TÉRMINO DE MATERIA | |
| Término de materia o nombre geográfico como elemento de entrada | Amparo |
| Subdivisión geográfica | México |
| 9 (RLIN) | 11751 |
| 650 14 - PUNTO DE ACCESO ADICIONAL DE MATERIA--TÉRMINO DE MATERIA | |
| Término de materia o nombre geográfico como elemento de entrada | Industria del petróleo |
| Subdivisión geográfica | México |
| 9 (RLIN) | 11752 |
| 650 14 - PUNTO DE ACCESO ADICIONAL DE MATERIA--TÉRMINO DE MATERIA | |
| Término de materia o nombre geográfico como elemento de entrada | Petróleo |
| Subdivisión general | Legislación |
| 9 (RLIN) | 11753 |
| 650 14 - PUNTO DE ACCESO ADICIONAL DE MATERIA--TÉRMINO DE MATERIA | |
| Término de materia o nombre geográfico como elemento de entrada | Pozos petroleros |
| 9 (RLIN) | 11754 |
| 902 ## - CATALOGADOR | |
| Iniciales | GFM |
| 942 ## - ELEMENTOS DE PUNTO DE ACCESO ADICIONAL (KOHA) | |
| Fuente del sistema de clasificación o colocación | Library of Congress Classification |
| Tipo de ítem Koha | Libros |
| Estado de retiro | Estado de pérdida | Estado dañado | No para préstamo | Localización permanente | Ubicación/localización actual | Fecha de adquisición | Número de inventario | Total de préstamos | Signatura topográfica completa | Código de barras | Fecha visto por última vez | Precio válido a partir de | Tipo de ítem Koha |
|---|---|---|---|---|---|---|---|---|---|---|---|---|---|
| El ejemplar forma parte de la colección y puede ser consultado según las políticas vigentes. | Biblioteca del Museo Franz Mayer (Rogerio Casas-Alatriste) | Biblioteca del Museo Franz Mayer (Rogerio Casas-Alatriste) | 29/09/2010 | CFG12 | KGF2714 .C66 1 1935 (CFG12) | 4643 | 22/03/2019 | 22/03/2019 | Libros |